000 02506nam0a2200421 4500
001 RU\NLR\bibl\1494713
005 20250616014017.0
010 _a978-5-94357-051-9
_9500
021 _aRU
_b2010-10955
_9724
035 _a(nilc)RSL-KNO-004583410
035 _a(NLR Aleph) 001486227
090 _a1734821
_c1734821
100 _a20100216d2009 |||y0rusy50 ca
101 0 _arus
102 _aRU
105 _ay zzzz|||||
200 1 _aРабота с правонарушением несовершеннолетнего на досудебном этапе, при рассмотрении дела в суде и после вынесения приговора
_eметодическое пособие
_fН. А. Йошпа, Я. А. Кузьменко
_gИнститут права и публичной политики
210 _aМосква
_cИнститут права и публичной политики
_d2009
215 _a120 с.
_d21
225 1 _aСерия "Методы работы с несовершеннолетними правонарушителями"
320 _aБиблиогр.: с. 119-120 и в подстроч. прим.
333 _a18+
606 1 _aНесовершеннолетние
_jМетодические пособия
_xПравонарушения
_xПредупреждение
_yРоссийская Федерация
_92083547
_3RU\NLR\auth\661259611
606 1 _aУголовные дела
_jМетодические пособия
_xУчастие несовершеннолетних
_yРоссийская Федерация
_92586301
_3RU\NLR\auth\661528659
610 0 _aГосударство и право. Юридические науки -- Криминология -- Российская Федерация -- Изучение личности преступника -- Преступность несовершеннолетних -- Пособие для специалистов
686 _aХ628.332,07
_2rubbk
686 _aХ628.332я7
686 _aХ629.381я7
700 1 _aЙошпа
_bН. А.
_4070
701 1 _aКузьменко
_bЯ. А.
_4070
801 0 _aRU
_bРГБ
_c20100216
_grcr
801 1 _aRU
_bРГБ
_c20100216
801 2 _aRU
_bNLR
_c20100406
_grcr
942 _cBOOK
980 _aNB
980 _aIA
996 _aиноагент
_bo
_cАвтономная некоммерческая организация «Институт права и публичной политики»